Quality of Products and Its Use in Marketing in Era of Information Society

Rôzne významy pojmu kvalita. Vnímanie kvality a informačná asymetria. Formy informačnej asymetrie. Signalizovanie (signalling) ako možnosť prekonania informačnej asymetrie; reputácia, záruky a garancie. Klasifikácia signalizačných nástrojov, posudzovanie zhody, dôveryhodnosť. Signalizovanie informač...

Descrizione completa

Salvato in:
Dettagli Bibliografici
Autore principale: Strhan, Rastislav, 1968-
Natura: Capitolo di libro
Lingua:inglese
Soggetti:
Tags: Aggiungi Tag
Nessun Tag, puoi essere il primo ad aggiungerne!!

MARC

LEADER 00000naa$a2200000$$$4500
001 0246376
005 20240502083657.2
041 0 |a eng 
044 |a PL 
245 1 0 |a Quality of Products and Its Use in Marketing in Era of Information Society  |c Rastislav Strhan 
520 |a Rôzne významy pojmu kvalita. Vnímanie kvality a informačná asymetria. Formy informačnej asymetrie. Signalizovanie (signalling) ako možnosť prekonania informačnej asymetrie; reputácia, záruky a garancie. Klasifikácia signalizačných nástrojov, posudzovanie zhody, dôveryhodnosť. Signalizovanie informačnej asymetrie a využitie signalizačných nástrojov v marketingovej komunikácii. 
610 2 0 |a výrobky 
610 2 0 |a kvalita výrobkov 
610 2 0 |a kvalita 
610 2 0 |a posudzovanie zhody výrobkov 
610 2 0 |a certifikácia 
610 2 0 |a marketing 
610 2 0 |a komunikácia marketingová 
610 2 0 |a propagácia 
610 2 0 |a reputácia podniku 
610 2 0 |a konkurencieschopnosť 
610 2 0 |a spoločnosť informačná 
610 2 0 |a informácie 
610 2 0 |a informácie asymetrické 
100 1 |a Strhan, Rastislav, 1968-